| 000 | 01024nac a22002171u 4500 | ||
|---|---|---|---|
| 008 | 100920t xxu||||| |||| 00| 0 eng d | ||
| 010 | _a92054069 | ||
| 020 | _a0670835684 | ||
| 082 | 0 | 0 |
_a031 _bF145 |
| 100 |
_a20080729 _919514 |
||
| 245 | 0 | 4 |
_aThe Treasury of the Encyclopaedia Britannica : _bmore than two centuries of facts, curiosities, and discoveries from the most distinguished reference work of all time / _cgeneral editor, Clifton Fadiman, contributing editors, Bruce L. Felknor, Robert McHenry. |
| 260 |
_aNew York : _bViking, _c1992. |
||
| 300 |
_axxix, 704 p. : _bill. ; _c27 cm. |
||
| 500 | _aIncludes index. | ||
| 650 |
_aTreasury of the Encyclopaedia Britannica _919515 |
||
| 700 | 1 |
_aFadiman, Clifton, _d1904-1999. _919516 |
|
| 700 | 1 |
_aFelknor, Bruce L. _919517 |
|
| 700 | 1 |
_aMcHenry, Robert. _919518 |
|
| 942 |
_cREFERENCE _k031F145 _2ddc |
||
| 999 |
_c3654 _d3654 |
||